000 00744nam a22002175i 4500
001 152024
003 ES-MaACL
005 20230906204511.0
008 051010s1858 sp | |||||||| ||spa d
040 _aCAM
_bspa
_cCAM
080 _a821.133.1-31"18"
100 1 _aBerthet, Elie.
_928448
245 1 4 _aLos chisperos /
_cnovela original de Elías Berthet ; traducida por José de Granda.
260 _aMadrid :
_b[s.n.],
_c1858 (
_fImprenta de José de Granda)
300 _a432 p. ;
_c17 cm.
490 1 _aFolletín de El Clamor Público
700 0 _aGranda, José de.
_959573
830 0 _aFolletín de El Clamor Público
_9221289
852 _aES-MaACL
_jD-1634
_z-- Enc. hol.
_z-- Legado de M. de la Fuente
999 _c152024
_d152024